[Event "HUN-chT2 Toth 0607"]
[Site "Hungary"]
[Date "2007.04.29"]
[Round "9"]
[White "Barta, Sandor"]
[Black "Mohacsi, Imre"]
[Result "1-0"]
[WhiteElo "2085"]
[BlackElo "2111"]
[PlyCount "51"]
[EventDate "2006.11.12"]
[EventType "team-tourn"]
[EventRounds "11"]
[EventCountry "HUN"]
[SourceTitle "EXT 2025"]
[Source "ChessBase"]
[SourceDate "2024.10.14"]
[SourceVersion "1"]
[SourceVersionDate "2024.10.14"]
[SourceQuality "1"]
[WhiteTeam "Baja"]
[BlackTeam "Karcag"]
[WhiteTeamCountry "HUN"]
[BlackTeamCountry "HUN"]

1. d4 d5 2. e3 e6 3. Bd3 Nf6 4. Nd2 c5 5. c3 Nc6 6. Ngf3 cxd4 7. exd4 Bd6 8. 0-0 0-0 9. Re1 Qc7 10. Nf1 g6 11. Bg5 Nh5 12. Ne3 Bf4 13. Bh4 f6 14. Rc1 Qd6 15. Rc2 Bd7 16. Rce2 Rae8 17. Qc2 e5 18. Qb3 Be6 19. dxe5 Nxe5 20. Nxe5 Bxe5 21. Bg3 Nxg3 22. hxg3 Qc5 23. Qxb7 Rb8 24. Qa6 Bd7 25. Nxd5 Bc6 26. Qxc6 1-0

[Event "HUN-chT2 Asztalos 0506"]
[Site "Hungary"]
[Date "2006.04.23"]
[Round "11"]
[White "Barta, Sandor"]
[Black "Pais, Nimrod"]
[Result "0-1"]
[WhiteElo "2159"]
[BlackElo "2128"]
[PlyCount "120"]
[EventDate "2005.10.16"]
[EventType "team-tourn"]
[EventRounds "11"]
[EventCountry "HUN"]
[SourceTitle "EXT 2009"]
[Source "ChessBase"]
[SourceDate "2008.11.26"]
[SourceVersion "1"]
[SourceVersionDate "2008.11.26"]
[SourceQuality "1"]
[WhiteTeam "Bajai"]
[BlackTeam "Fehervar"]
[WhiteTeamCountry "HUN"]
[BlackTeamCountry "HUN"]

1. Nf3 Nf6 2. d4 g6 3. c4 Bg7 4. Nc3 0-0 5. e4 d6 6. Be2 c6 7. 0-0 Qc7 8. h3 Rd8 9. Be3 Nbd7 10. Rc1 Nf8 11. b4 Bd7 12. Qb3 h6 13. Nh2 e5 14. d5 g5 15. Rfd1 Ng6 16. c5 dxc5 17. bxc5 Qc8 18. Bc4 Be8 19. Rc2 Bf8 20. d6 Bg7 21. Rcd2 Nd7 22. Na4 Rb8 23. Qd3 Nf4 24. Bxf4 exf4 25. Nf3 Nf8 26. Nd4 b5 27. cxb6 axb6 28. Nf5 Qb7 29. Nxg7 Kxg7 30. Bb3 Nd7 31. Qc3+ f6 32. Be6 Ne5 33. Nb2 Bg6 34. Nc4 Nxc4 35. Qxc4 c5 36. f3 Bf7 37. Kf2 b5 38. Qd5 Qxd5 39. Bxd5 Rxd6 40. Bxf7 Rxd2+ 41. Rxd2 Kxf7 42. Ke2 c4 43. Kd1 Ke7 44. Kc1 h5 45. Kb2 b4 46. Rd4 c3+ 47. Kc2 Ra8 48. Rxb4 Rxa2+ 49. Kxc3 Rxg2 50. h4 Rg3 51. hxg5 fxg5 52. Kd4 Rxf3 53. Rb7+ Kd6 54. Rb6+ Kc7 55. Rh6 h4 56. Ke5 Rg3 57. Kd4 h3 58. e5 g4 59. Ke4 f3 60. Rh7+ Kd8 0-1

[Event "Balatonlelle op-B"]
[Site "Balatonlelle "]
[Date "2005.06.23"]
[Round "6"]
[White "Barta, Sandor"]
[Black "Ignacz, Rozsa"]
[Result "1-0"]
[WhiteElo "2159"]
[BlackElo "1877"]
[PlyCount "55"]
[EventDate "2005.06.18"]
[EventType "swiss"]
[EventRounds "9"]
[EventCountry "HUN"]
[SourceTitle "EXT 2008"]
[Source "ChessBase"]
[SourceDate "2007.11.25"]
[SourceVersion "1"]
[SourceVersionDate "2007.11.25"]
[SourceQuality "1"]

1. d4 d5 2. Bf4 Bf5 3. Nc3 e6 4. Nf3 Nf6 5. Ne5 a6 6. e3 c5 7. g4 Bg6 8. h4 h5 9. Nxg6 fxg6 10. Qd3 Kf7 11. dxc5 Bxc5 12. g5 Nfd7 13. Nxd5 Nc6 14. Bh3 Nde5 15. Bxe5 Nxe5 16. Bxe6+ Kxe6 17. Nf4+ Ke7 18. Qe4 Qa5+ 19. c3 Bd6 20. Qxb7+ Bc7 21. Nd5+ Kd7 22. 0-0-0 Rab8 23. Nxc7+ Ke7 24. Nd5+ Ke6 25. Nf4+ Kf5 26. Qd5 Qb6 27. Qd2 Nd3+ 28. Qxd3+ 1-0

[Event "Balatonlelle op-B"]
[Site "Balatonlelle "]
[Date "2005.06.19"]
[Round "2"]
[White "Barta, Sandor"]
[Black "Vanyo, Jozsef"]
[Result "1-0"]
[WhiteElo "2159"]
[BlackElo "2082"]
[PlyCount "93"]
[EventDate "2005.06.18"]
[EventType "swiss"]
[EventRounds "9"]
[EventCountry "HUN"]
[SourceTitle "EXT 2008"]
[Source "ChessBase"]
[SourceDate "2007.11.25"]
[SourceVersion "1"]
[SourceVersionDate "2007.11.25"]
[SourceQuality "1"]

1. d4 d5 2. Nf3 e6 3. g3 f5 4. Bg2 Nf6 5. 0-0 Bd6 6. c4 c6 7. Qc2 Nbd7 8. c5 Bc7 9. Nc3 a5 10. Ng5 Qe7 11. Na4 h6 12. Nh3 Kf7 13. f3 Nf8 14. e4 Ng6 15. exf5 exf5 16. Bd2 Qd8 17. Rae1 Re8 18. Rxe8 Nxe8 19. Be3 Qf6 20. f4 Qe6 21. Re1 Nf6 22. Nf2 Qd7 23. Nd3 Ne4 24. Qe2 Kg8 25. Ne5 Nxe5 26. fxe5 Qf7 27. Rf1 Be6 28. a3 Qg6 29. Bf4 Rf8 30. Bf3 Qh7 31. Qc2 g5 32. Bc1 Qg6 33. Qb3 Bc8 34. Qd1 g4 35. Bg2 h5 36. Bf4 Be6 37. Qe1 Qe8 38. Qe3 Qg6 39. Qb3 Rb8 40. Nb6 Qe8 41. Na4 b5 42. cxb6 Bxb6 43. Nxb6 Qd8 44. Bxe4 fxe4 45. Bh6 Kh7 46. Qe3 Rxb6 47. Bf8 1-0

[Event "Pecs op"]
[Site "Pecs"]
[Date "1996.??.??"]
[Round "4"]
[White "Barta, Sandor"]
[Black "Papp, Laszlo"]
[Result "0-1"]
[WhiteElo "2220"]
[BlackElo "2205"]
[PlyCount "116"]
[EventDate "1996.??.??"]
[EventType "swiss"]
[EventRounds "9"]
[EventCountry "HUN"]
[SourceTitle "EXT 2004"]
[Source "ChessBase"]
[SourceDate "2003.11.25"]
[SourceVersion "1"]
[SourceVersionDate "2003.11.25"]
[SourceQuality "1"]

1. e4 e6 2. d4 d5 3. Nd2 Nf6 4. e5 Nfd7 5. Bd3 c5 6. c3 Nc6 7. Ne2 cxd4 8. cxd4 f6 9. exf6 Nxf6 10. 0-0 Bd6 11. f4 0-0 12. Nf3 Qb6 13. Kh1 Bd7 14. a3 Na5 15. b4 Nc4 16. h3 Qc7 17. Ne5 Be8 18. Ng3 b5 19. Bxc4 dxc4 20. Qe1 Bd7 21. Ne4 Bxe5 22. dxe5 Nxe4 23. Qxe4 Bc6 24. Qe2 Rad8 25. Be3 Rd3 26. Rfd1 Rfd8 27. Rxd3 Rxd3 28. Ra2 Qb7 29. Rd2 Bxg2+ 30. Qxg2 Qxg2+ 31. Kxg2 Rxe3 32. Rd8+ Kf7 33. Rd7+ Kg6 34. Rxa7 h5 35. Re7 Kf5 36. Rf7+ Ke4 37. f5 exf5 38. e6 Kf4 39. Rxg7 Rxe6 40. Rc7 Re2+ 41. Kf1 Re3 42. a4 bxa4 43. Rxc4+ Re4 44. Rc3 Rxb4 45. Ra3 Ke4 46. Kf2 f4 47. Kf1 Kd4 48. Ke2 Kc4 49. Kd2 Kb5 50. Rf3 Rc4 51. Rd3 Kc5 52. Ra3 Kb4 53. Ra1 a3 54. Rb1+ Ka4 55. h4 a2 56. Ra1 Kb3 57. Kd3 Rc8 58. Rf1 Kb2 0-1

[Event "Pecs op"]
[Site "Pecs"]
[Date "1996.??.??"]
[Round "3"]
[White "Czebe, Attila"]
[Black "Barta, Sandor"]
[Result "1-0"]
[WhiteElo "2325"]
[BlackElo "2220"]
[PlyCount "79"]
[EventDate "1996.??.??"]
[EventType "swiss"]
[EventRounds "9"]
[EventCountry "HUN"]
[SourceTitle "EXT 2004"]
[Source "ChessBase"]
[SourceDate "2003.11.25"]
[SourceVersion "1"]
[SourceVersionDate "2003.11.25"]
[SourceQuality "1"]

1. e4 c6 2. Nc3 d5 3. Qf3 d4 4. Bc4 e6 5. Nce2 c5 6. d3 Nc6 7. Qg3 Qd6 8. f4 Bd7 9. Nf3 f6 10. 0-0 0-0-0 11. Bd2 Nge7 12. c3 h5 13. Kh1 dxc3 14. Bxc3 Rh6 15. a3 h4 16. Nxh4 g5 17. Nf3 gxf4 18. Qxf4 e5 19. Qg3 Rg6 20. Qf2 Nd4 21. Nfxd4 exd4 22. Ba5 Bh6 23. Bxd8 Kxd8 24. Nf4 Rg4 25. Nd5 Nxd5 26. Bxd5 f5 27. b4 Be3 28. Qf3 f4 29. Qh3 Qf6 30. e5 Qxe5 31. Bf3 Rg8 32. Qh4+ Kc7 33. Qh5 Rg5 34. Qh7 cxb4 35. axb4 Rg7 36. Qh8 Qe7 37. Rxa7 Bc6 38. Bxc6 Kxc6 39. Qc8+ Kb6 40. Rxb7+ 1-0

[Event "Pecs op"]
[Site "Pecs"]
[Date "1996.??.??"]
[Round "7"]
[White "Horvath, Imre"]
[Black "Barta, Sandor"]
[Result "0-1"]
[WhiteElo "2355"]
[BlackElo "2220"]
[PlyCount "44"]
[EventDate "1996.??.??"]
[EventType "swiss"]
[EventRounds "9"]
[EventCountry "HUN"]
[SourceTitle "EXT 2004"]
[Source "ChessBase"]
[SourceDate "2003.11.25"]
[SourceVersion "1"]
[SourceVersionDate "2003.11.25"]
[SourceQuality "1"]

1. e4 c6 2. d4 d5 3. exd5 cxd5 4. Bd3 Nf6 5. c3 Nc6 6. Bg5 h6 7. Bf4 g5 8. Bg3 Bg7 9. h4 g4 10. h5 0-0 11. f4 Ne4 12. Bxe4 dxe4 13. Nd2 f5 14. Nf1 Be6 15. Ne3 Qb6 16. Qd2 Nxd4 17. cxd4 Bxd4 18. Kf2 Rfd8 19. Qe2 Rac8 20. Bh4 Bc4 21. Qe1 Bxe3+ 22. Qxe3 Rd2+ 0-1

[Event "Paris-ch op"]
[Site "Paris"]
[Date "1990.??.??"]
[Round "?"]
[White "Barta, Sandor"]
[Black "Benoit, Michel"]
[Result "1/2-1/2"]
[WhiteElo "2295"]
[BlackElo "2240"]
[PlyCount "29"]
[EventDate "1990.05.??"]
[EventType "swiss"]
[EventRounds "9"]
[EventCountry "FRA"]
[SourceTitle "EXT 1997"]
[Source "ChessBase"]
[SourceDate "1996.11.15"]
[SourceVersion "1"]
[SourceVersionDate "1996.11.15"]
[SourceQuality "1"]

1. d4 Nf6 2. Nf3 d6 3. Bg5 Nbd7 4. e3 g6 5. Bxf6 Nxf6 6. Be2 c5 7. c3 cxd4 8. exd4 Bg7 9. Nbd2 0-0 10. 0-0 b6 11. Ng5 Bb7 12. Bf3 Qc7 13. Bxb7 Qxb7 14. Qf3 Qxf3 15. Ngxf3 1/2-1/2